000 00718nam a2200229Ia 4500
005 20241129110007.0
008 241129s9999||||xx |||||||||||||| ||und||
020 _a978-1-3500-9195-5
037 _aTB
040 _aARTS
_beng
_cARTS
041 _aeng
_2eng
084 _aB:(R) R0
_qARTS
100 _aGorman Michael John Au.
_9726782
245 0 _aScientific counter revolution: the jesuits and the invention of modern sicence
_cGorman Michael John Au.
260 _aUK
_bBloomsbury Academic
_c2023
300 _axvii,271p.
365 _aUKP
_b28.99
490 _aBloomsbury studies in the aristotelian tradition
650 _aMathemetics
_9557864
942 _cTB
_hB:(R) R0
999 _c1226912
_d1226912